书目信息 |
| 题名: |
转基因之争
|
|
| 作者: | 沈孝宙 编 | |
| 分册: | ||
| 出版信息: | 北京 化学工业出版社 2008 |
|
| 页数: | 196页 | |
| 开本: | 21cm | |
| 丛书名: | ||
| 单 册: | ||
| 中图分类: | Q78 | |
| 科图分类: | ||
| 主题词: | 生物--外源--基因工程--研究 , 生物 , 外源 , 基因工程 | |
| 电子资源: | ||
| ISBN: | 978-7-122-02038-3 | |
| 000 | 01031nam0 2200277 45 | |
| 001 | 1033030156 | |
| 005 | 20100407171217.65 | |
| 010 | @a978-7-122-02038-3@dCNY15.00 | |
| 100 | @a20100331d2008 em y0chiy0120 ea | |
| 101 | 0 | @achi |
| 102 | @aCN@b110000 | |
| 105 | @aa z 000yy | |
| 106 | @ar | |
| 200 | 1 | @a转基因之争@AZhuan Ji Yin Zhi Zheng@dControversy over genefically modified organisms@f沈孝宙编@FShen Xiao Zhou Bian@zeng |
| 210 | @a北京@c化学工业出版社@d2008 | |
| 215 | @a196页@c图@d21cm | |
| 330 | @a本书介绍了转基因动植物应用的现状、转基因的生物安全(食品安全与环境安全)、围绕转基因旷日持久的争论、各国民众的态度和各国政府不同的应对措施、为解决转基因出现的问题国际组织所作的努力以及未来“基因革命”的走向等。 | |
| 510 | 1 | @aControversy over genefically modified organisms@zeng |
| 606 | 0 | @a生物@x外源@x基因工程@x研究 |
| 606 | 0 | @a生物 |
| 606 | 0 | @a外源 |
| 606 | 0 | @a基因工程 |
| 690 | @aQ78@v4 | |
| 701 | 0 | @a沈孝宙@AShen Xiao Zhou@4编 |
| 801 | 0 | @aCN@bTANGWEI@c20100407 |
| 905 | @b0587697-701@dQ78@e145@f5 | |
| 转基因之争=Controversy over genefically modified organisms/沈孝宙编.-北京:化学工业出版社,2008 |
| 196页:图;21cm |
| ISBN 978-7-122-02038-3:CNY15.00 |
| 本书介绍了转基因动植物应用的现状、转基因的生物安全(食品安全与环境安全)、围绕转基因旷日持久的争论、各国民众的态度和各国政府不同的应对措施、为解决转基因出现的问题国际组织所作的努力以及未来“基因革命”的走向等。 |
| ● |
| 相关链接 |
|
|
|
|
正题名:转基因之争
索取号:Q78/145
 
预约/预借
| 序号 | 登录号 | 条形码 | 馆藏地/架位号 | 状态 | 备注 |
| 1 | 0587697 | 205876970 | 第二样本阅览室/ [索取号:Q78/145] | 在馆 | |
| 2 | 0587698 | 205876989 | 第三借阅区/ [索取号:Q78/145] | 在馆 | |
| 3 | 0587699 | 205876998 | 第三借阅区/ [索取号:Q78/145] | 在馆 | |
| 4 | 0587700 | 205877005 | 第三借阅区/ [索取号:Q78/145] | 在馆 | |
| 5 | 0587701 | 205877014 | 第三借阅区/ [索取号:Q78/145] | 在馆 |